000 01201nam a2200253 a 4500
001 56879
003 BD-RjUL
005 20211209080438.0
008 161204s1988 bg ||||| |||| 00| 0 ben d
020 _c: TK 60.00
035 _a(BD-RjUL)57003
040 _aBD-RjUL
_bben
_cBD-RjUL
_dBD-RjUL
041 _aben
082 _223
_a297.1226
_bKAT 1988
100 _aকাসীর, ইমাদুদ্দীন ইবনু
_9125169
245 1 0 _aতাফসীর ইবনে কাসীর /
_cমূল: ইমাদুদ্দীন ইবনু কাসীর ; অনুবাদ: মুহাম্মদ মুজীবুর রহমান
260 _aরাজশাহী :
_bমুহাম্মদ ইউসুফ সিদ্দীক,
_c১৯৮৮
300 _aখন্ড. ;
_c২৫ সেমি.
505 _aখন্ড. ৭. (৬ষ্ঠ পারা) -- খন্ড. ৮. (৭ম পারা)
650 _aকুরআন
_xব্যাখা, মূলপাঠ
_9164980
650 _aQuran
_vCriticism, textual
_9164981
700 _aরহমান, মুহাম্মদ মুজীবুর, অনুবাদক
_9125172
942 _2ddc
_cBK
999 _c56879
_d56879